Statistics for Countries Bordering The Dem. Rep. Of The Congo

Click here to take the quiz!

General Stats

  • This quiz has been taken 18 times
  • The average score is 7 of 8

Answers on the Map

Answers color-coded by a green-red scale on the quiz's map according to % correct below.
 

Answer Stats

Answer% Correct
Burundi
100%
Central African Republic
100%
Republic Of The Congo
93%
Angola
87%
Zambia
87%
Rwanda
80%
South Sudan
80%
Uganda
80%

Score Distribution

Percentile by Number Answered

Percent of People with Each Score

Your Score History

You have not taken this quiz